Statystyki dla WWE in Saudi Arabia PPV Quiz

Kliknij tutaj aby rozwiązać quiz!

Ogólne statystyki

  • Ten quiz został rozwiązany 22 razy
    (19 od ostatniego zresetowania)
  • Średni wynik to 10 z 20

Statystyki odpowiedzi

ZagadnienieOdpowiedź% Poprawnych
In which year Super ShowDown wasn't in Saudi Arabia?2018
89%
Who was the winner?Braun Strowman
83%
What was the first WWE PPV event in Saudi Arabia?Greatest Royal Rumble
83%
In which year Elimination Chamber took a place in Saudi Arabia?2022
78%
Who won that trophy?Shane McMahon
72%
Who won men's Elimination Chamber match in 2022?Brock Lesnar
61%
Which youtuber main evented Crown Jewel 2022?Logan Paul
61%
Which British boxer have a fougth on Crown Jewel 2019?Tyson Fury
61%
Who won women's Elimination Chamber match in 2022?Bianca Belair
56%
In which country this PPV took place?Australia
50%
Who won that tittle in the final of tournament?Seth Rollins
50%
Who won that trophy?The Undertaker
50%
How many competitors exactly was in this battle royal?51
44%
What wrestler was the loser of that final?AJ Styles
44%
Who was unable to compete men's Elimination Chamber match before even he was introduced to the fight?Bobby Lashley
39%
For what tittle was the opener match at Night of Champions 2023?World Heavyweight Championship
39%
Where was the WWE World Cup?Crown Jewel 2018
22%
Who was the winner?Mansoor
22%
Where was the 50-Man Battle Royal?Super ShowDown 2019
17%
Where was the Tuwaiq Mountain Trophy Gauntlet match?Super ShowDown 2020
17%

Rozkład punktacji

Percentyl według liczby udzielonych odpowiedzi

Procent ludzi z każdym wynikiem

Twoja historia wyników

Nie rozwiązałeś tego quizu od ostatniego zresetowania